000 00685nam a22002177a 4500
005 20170124110208.0
010 _aB-220159
020 _c195.00
_a8183331211
035 _aB-220159
037 _bCen Lib/Ret
040 _aDPL
_bEN
082 _a658.05419
_bJAI
100 _aJain, Satish
_937803
245 _aComputers in business management :
_cby Satish Jain
_bprinciples and practices /
260 _aNew Delhi
_bBPB Publications
_c2006
270 _aB-14, Connaught Place
_bNew Delhi
_e110001
300 _axxvii, 502p.
_c24cm(pbk)
650 _aBusiness studies
_9114547
650 _aBusiness management
_9114548
942 _2ddc
_cEN
_h658.05419
_mJAI
999 _c133387
_d133387